| 000 | 01220cam a2200325 a 4500 | ||
|---|---|---|---|
| 001 | 16840893 | ||
| 003 | EG-ScBUE | ||
| 005 | 20250511091022.0 | ||
| 008 | 110623t2012 nyua f b 001 0 eng d | ||
| 020 | _a9780817400125 (alk. paper) | ||
| 040 |
_aDLC _beng _erda _cDLC _dDLC _dEG-ScBUE |
||
| 082 | 0 | 4 |
_a779 _222 _bMES |
| 100 | 1 |
_aMessina, Elizabeth, _eauthor. |
|
| 245 | 1 | 4 |
_aThe luminous portrait : _bcapture the beauty of natural light for glowing, flattering portraits / _cElizabeth Messina with Jacqueline Tobin. |
| 250 | _aFirst edition. | ||
| 264 | 1 |
_aNew York : _bAmphoto Books, _c[2012] |
|
| 264 | 4 | _cc2012 | |
| 300 |
_a176 pages : _bcolor illustrations ; _c28 cm |
||
| 336 |
_2rdacontent _atext _btxt |
||
| 337 |
_2rdamedia _aunmediated _bn |
||
| 338 |
_2rdacarrier _avolume _bnc |
||
| 504 | _aIncludes bibliographical references and index. | ||
| 650 | 7 |
_aPortrait photography. _2BUEsh |
|
| 653 |
_cMay2025 _bART |
||
| 655 | _vReading book | ||
| 700 | 1 |
_aTobin, Jacqueline, _d1950- _eauthor. |
|
| 906 |
_a7 _bcbc _corignew _d1 _eecip _f20 _gy-gencatlg |
||
| 942 |
_2ddc _cBB |
||
| 999 |
_c30956 _d30927 |
||